000 00385nam a22001697a 4500
005 20160611095826.0
008 160611b xxu||||| |||| 00| 0 eng d
020 _a978-81-203-1248-7
041 _aeng
082 _b6779
100 _aKaul, Asha
_9282
245 _aBusiness Communication
260 _aNew Delhi
_bPHI,
300 _a121
650 _aManagement
_9241
942 _cBK
999 _c2367
_d2366